Statistics for Countries With Only One F

Click here to take the quiz!

General Stats

  • This quiz has been taken 89 times
  • The average score is 8 of 9

Answer Stats

ContinentCountry% Correct
EuropeFinland
100%
OceaniaFiji
97%
EuropeFrance
94%
AsiaAfghanistan
90%
AfricaSouth Africa
86%
AfricaBurkina Faso
83%
AfricaDemocratic Republic of the Congo
83%
AfricaRepublic of the Congo
82%
AfricaCentral African Republic
76%

Score Distribution

Percentile by Number Answered

Percent of People with Each Score

Your Score History

You have not taken this quiz